000 01080nam a2200241 4500
001 39421
003 BD-RjUL
005 20211209053004.0
008 160410s2014 bg ||||| b||| 001 0 ben d
020 _a9847000002365
_c: Tk. 400.00
035 _a(BD-RjUL)39534
040 _aBD-RjUL
_bben
_cBD-RjUL
_dBD-RjUL
041 _aben
082 _223
_a891.444
_bBEA 2014
100 _aবেগম, ফেরদৌসী
_9121524
245 1 0 _aআরজ আলী মাতুব্বরের দর্শনে মানবতাবাদ ও বিজ্ঞানচেতনা = Humanism and Scientific thought in the Philosophy of Araj Ali Matubbar /
_cফেরদৌসী বেগম
260 _aঢাকা :
_bজাতীয় সাহিত্য প্রকাশ,
_c২০১৪.
300 _a২৪০ পৃ. ;
_c২২ সেমি.
504 _aগ্রন্থপঞ্জি ও নির্ঘণ্ট সংযুক্ত
650 _aবাংলা প্রবন্ধ
_9121525
650 _aBengali Essays
_9121526
942 _2ddc
_cBK
_02
999 _c39421
_d39421